| 000 | 01167cam a2200337 i 4500 | ||
|---|---|---|---|
| 001 | 24791 | ||
| 003 | Mx-PuUPA | ||
| 005 | 20250219084742.0 | ||
| 008 | 140415s2008 mx gr 000 0 spa d | ||
| 020 | _a9789681331610 | ||
| 020 | _a9681331613 | ||
| 040 |
_aMx-PuUPA _bspa _cMx-PuUPA _dMx-PuUPA _erda |
||
| 041 | 0 | _aspa | |
| 100 | 1 |
_aRivera Carrera, Norberto, _d1942- _9265 _eautor |
|
| 245 | 1 | 0 |
_aFamilia, ¡sé fuerte! : _bdoce cartas en defensa de la familia / _cCard. Norberto Rivera Carrera |
| 250 |
_aPrimera edición / _benero |
||
| 264 | 1 |
_aMéxico, D. F. : _bEditorial Diana, _c©2008 |
|
| 300 |
_aix, 112 páginas ; _c21 cm |
||
| 336 |
_2rdacontent _atexto _btxt |
||
| 337 |
_2rdamedia _asin medio _bn |
||
| 338 |
_2rdacarrier _avolumen _bnc |
||
| 650 | 7 |
_913986 _2armarc _aFamilia _xAspectos religiosos |
|
| 650 | 7 |
_2armarc _aFamilia _xConducta de vida |
|
| 650 | 7 |
_2armarc _aFamilias _xVida cristiana |
|
| 650 | 7 |
_2armarc _aAutores católicos |
|
| 942 |
_2ddc _cLI _h248.4 _iR66 |
||
| 999 |
_c24791 _d24791 |
||